Loading...
| Current Events | 1 | 10.00 | 100% | 0% | 0% |
| Fine Arts - Auditory Fine Arts | 4 | 27.50 | 100% | 100% | 75% |
| Fine Arts - Other Fine Arts | 5 | 20.00 | 100% | 80% | 20% |
| Fine Arts - Visual Fine Arts | 6 | 28.33 | 100% | 100% | 83% |
| Geography | 2 | 10.00 | 100% | 0% | 0% |
| History - American History | 5 | 12.00 | 100% | 20% | 0% |
| History - European History | 5 | 12.00 | 80% | 20% | 20% |
| History - Other History | 7 | 12.86 | 71% | 57% | 0% |
| History - World History | 6 | 11.67 | 100% | 17% | 0% |
| Literature - American Literature | 4 | 20.00 | 100% | 75% | 25% |
| Literature - British Literature | 6 | 16.67 | 83% | 67% | 17% |
| Literature - European Literature | 4 | 17.50 | 100% | 50% | 25% |
| Literature - World Literature | 4 | 22.50 | 100% | 100% | 25% |
| Mythology | 2 | 10.00 | 50% | 50% | 0% |
| Other Academic | 1 | 10.00 | 100% | 0% | 0% |
| Philosophy | 4 | 12.50 | 75% | 25% | 25% |
| Religion | 4 | 15.00 | 100% | 50% | 0% |
| Science - Biology | 8 | 13.75 | 63% | 50% | 25% |
| Science - Chemistry | 4 | 10.00 | 100% | 0% | 0% |
| Science - Other Science | 5 | 32.00 | 220% | 100% | 0% |
| Science - Physics | 7 | 15.71 | 86% | 71% | 0% |
| Social Science | 4 | 20.00 | 100% | 75% | 25% |